Star Wars Movies and Shows by Picture - Statistics

General Stats
  • This quiz has been taken 55 times
  • The average score is 14 of 16
Answer Stats
Picture Answer % Correct
Solo
98%
A New Hope
95%
Rogue One
95%
The Phantom Menace
95%
Revenge of the Sith
93%
The Clone Wars
93%
Attack of the Clones
90%
The Empire Strikes Back
90%
Return of the Jedi
85%
The Mandalorian
85%
The Force Awakens
80%
The Rise of Skywalker
78%
The Last Jedi
76%
Andor
73%
The Book of Boba Fett
68%
The Bad Batch
66%
No matching quizzes found
Score Distribution
Percent of People with Each Score
Percentile by Number Answered
Your Score History
You have not taken this quiz